000 00570nam a2200229Ia 4500
003 OSt
005 20220918212332.0
006 a|||||r|||| 00| 0
007 ta
008 220917b |||||||| |||| 00| 0 eng d
024 _a128,450
037 _cTextual
040 _aARTS
_cARTS
_beng
041 _2eng
_aeng
082 _aX::2153:N3, J2
100 _aMayer Adrian C
_9123481
245 0 _aLand and society in Malabar
260 _c1952
650 _aECONOMICS
942 _hX::2153:N3, J2
_cTEXL
_2CC
999 _c251588
_d251588